Statistics for U.S. Geography Tile Select

Click here to take the quiz!

General Stats

  • This quiz has been taken 1,572 times
    (1,555 since last reset)
  • The average score is 52 of 60

Answer Stats

QuestionTileSelect% Correct
states that share a land border with CanadaCaliforniaNo
99%
states that share a land border with CanadaAlaskaYes
98%
states that share a land border with CanadaIowaNo
98%
States that border TennesseeMichiganNo
97%
Cities in TexasAustinYes
96%
states that were the original 13 coloniesCaliforniaNo
96%
states that share a land border with CanadaMassachusettsNo
96%
states that share a land border with CanadaNorth DakotaYes
96%
U.S. state capitalsOrlandoNo
95%
States that border TennesseeFloridaNo
94%
Cities in TexasMonterreyNo
94%
U.S. state capitalsSacramentoYes
94%
states that were the original 13 coloniesTexasNo
94%
states that were the original 13 coloniesVirginiaYes
94%
states that were the original 13 coloniesIllinoisNo
93%
states that share a land border with CanadaMinnesotaYes
93%
U.S. state capitalsNew York CityNo
93%
states that were the original 13 coloniesPennsylvaniaYes
93%
states that share a land border with CanadaIllinoisNo
92%
States that border TennesseeKentuckyYes
92%
States that border TennesseePennsylvaniaNo
92%
Cities in TexasSan AntonioYes
92%
Cities in TexasShreveportNo
92%
U.S. state capitalsDallasNo
91%
states that were the original 13 coloniesNew YorkYes
91%
U.S. state capitalsSalt Lake CityYes
91%
states that were the original 13 coloniesFloridaNo
90%
states that were the original 13 coloniesMississippiNo
90%
U.S. state capitalsPhoenixYes
90%
states that share a land border with CanadaWyomingNo
90%
Cities in TexasEl PasoYes
89%
Cities in TexasFort WorthYes
89%
Cities in TexasFresnoNo
89%
U.S. state capitalsJuneauYes
88%
states that share a land border with CanadaMaineYes
88%
states that were the original 13 coloniesNew JerseyYes
88%
U.S. state capitalsRenoNo
88%
Cities in TexasTulsaNo
88%
States that border TennesseeOhioNo
87%
states that were the original 13 coloniesRhode IslandYes
87%
States that border TennesseeIllinoisNo
86%
states that share a land border with CanadaVermontYes
85%
Cities in TexasLas CrucesNo
84%
U.S. state capitalsRichmondYes
84%
states that share a land border with CanadaIdahoYes
83%
Cities in TexasSanta AnaNo
83%
U.S. state capitalsSioux FallsNo
83%
States that border TennesseeAlabamaYes
82%
States that border TennesseeKansasNo
81%
U.S. state capitalsAugustaYes
79%
U.S. state capitalsSanta FeYes
79%
States that border TennesseeGeorgiaYes
78%
States that border TennesseeArkansasYes
75%
states that were the original 13 coloniesSouth CarolinaYes
75%
Cities in TexasGalvestonYes
72%
States that border TennesseeMissouriYes
72%
states that were the original 13 coloniesWest VirginiaNo
71%
Cities in TexasLubbockYes
59%
states that share a land border with CanadaWisconsinNo
55%
States that border TennesseeSouth CarolinaNo
53%

Score Distribution

Percentile by Number Answered

Percent of People with Each Score

Your Score History

You have not taken this quiz since the last reset